Giáo trình tin học ứng dụng : Lập trình Linux

محفوظ في:
التفاصيل البيبلوغرافية
المؤلف الرئيسي: Nguyễn, Phương Lan
التنسيق: كتاب
اللغة:Undetermined
منشور في: Thành phố Hồ Chí Minh Lao Động Xã Hội 2004
الموضوعات:
الوسوم: إضافة وسم
لا توجد وسوم, كن أول من يضع وسما على هذه التسجيلة!
Thư viện lưu trữ: Trung tâm Học liệu Trường Đại học Cần Thơ
LEADER 00707nam a2200217Ia 4500
001 CTU_74238
008 210402s9999 xx 000 0 und d
020 |c 39500 
082 |a 005.28 
082 |b L105/T.1 
100 |a Nguyễn, Phương Lan 
245 0 |a Giáo trình tin học ứng dụng : 
245 0 |b Lập trình Linux 
245 0 |c Nguyễn Phương Lan, Hoàng Đức Hải 
260 |a Thành phố Hồ Chí Minh 
260 |b Lao Động Xã Hội 
260 |c 2004 
650 |a Linux ( computer programs ) 
904 |i Mai Loan, QHieu 
910 |a Sách kèm đĩa có số AV.000394 
980 |a Trung tâm Học liệu Trường Đại học Cần Thơ